Dealing with the debt crisis / (Record no. 2857)
[ view plain ]
| 000 -LEADER | |
|---|---|
| fixed length control field | 00888pam a2200289 a 4500 |
| 001 - CONTROL NUMBER | |
| control field | 563189 |
| 003 - CONTROL NUMBER IDENTIFIER | |
| control field | OSt |
| 005 - DATE AND TIME OF LATEST TRANSACTION | |
| control field | 20230627115051.0 |
| 008 - FIXED-LENGTH DATA ELEMENTS--GENERAL INFORMATION | |
| fixed length control field | 890505s1989 dcua b i000 0 eng |
| 010 ## - LIBRARY OF CONGRESS CONTROL NUMBER | |
| LC control number | 89009148 |
| 020 ## - INTERNATIONAL STANDARD BOOK NUMBER | |
| International Standard Book Number | 0821312464 |
| 040 ## - CATALOGING SOURCE | |
| Original cataloging agency | DLC |
| Transcribing agency | DLC |
| Modifying agency | DLC |
| 043 ## - GEOGRAPHIC AREA CODE | |
| Geographic area code | d------ |
| 082 00 - DEWEY DECIMAL CLASSIFICATION NUMBER | |
| Classification number | 336.3 |
| Item number | HUS |
| 245 00 - TITLE STATEMENT | |
| Title | Dealing with the debt crisis / |
| Statement of responsibility, etc. | edited by Ishrat Husain, Ishac Diwan. |
| 260 ## - PUBLICATION, DISTRIBUTION, ETC. (IMPRINT) | |
| Place of publication, distribution, etc. | Washington, D.C. : |
| Name of publisher, distributor, etc. | World Bank, |
| Date of publication, distribution, etc. | c1989. |
| 300 ## - PHYSICAL DESCRIPTION | |
| Extent | xiv, 308 p. : |
| Other physical details | ill. ; |
| Dimensions | 28 cm. |
| 440 #2 - SERIES STATEMENT/ADDED ENTRY--TITLE | |
| Title | A World bank symposium |
| 504 ## - BIBLIOGRAPHY, ETC. NOTE | |
| Bibliography, etc | Includes bibliographical references. |
| 650 #0 - SUBJECT ADDED ENTRY--TOPICAL TERM | |
| Topical term or geographic name as entry element | Debts, External |
| Geographic subdivision | Developing countries. |
| 650 #0 - SUBJECT ADDED ENTRY--TOPICAL TERM | |
| Topical term or geographic name as entry element | Debt relief |
| Geographic subdivision | Developing countries. |
| 700 1# - ADDED ENTRY--PERSONAL NAME | |
| Personal name | Husain, Ishrat, |
| Dates associated with a name | 1941- |
| 700 1# - ADDED ENTRY--PERSONAL NAME | |
| Personal name | Diwan, Ishac. |
| 906 ## - LOCAL DATA ELEMENT F, LDF (RLIN) | |
| a | 7 |
| b | cbc |
| c | orignew |
| d | 1 |
| e | ocip |
| f | 19 |
| g | y-gencatlg |
| 942 ## - ADDED ENTRY ELEMENTS (KOHA) | |
| Source of classification or shelving scheme | Dewey Decimal Classification |
| Koha item type | Books |
| Withdrawn status | Lost status | Source of classification or shelving scheme | Damaged status | Not for loan | Home library | Current library | Date acquired | Total Checkouts | Full call number | Barcode | Date last seen | Price effective from | Koha item type |
|---|---|---|---|---|---|---|---|---|---|---|---|---|---|
| Dewey Decimal Classification | County Hall Archives | County Hall Archives | 06/27/2023 | 336.3 HUS | 10001863 | 06/27/2023 | 06/27/2023 | Books |
